| 000 | 00433nam a22001577a 4500 | ||
|---|---|---|---|
| 999 |
_c7765 _d7766 |
||
| 008 | 190326b ||||| |||| 00| 0 eng d | ||
| 020 | _a8120330862 | ||
| 082 | _a658.4 S33c 2007 | ||
| 100 | _aSchiffman, Leon G. | ||
| 245 | _aConsumer Behaviour. | ||
| 250 | _a9th ed. | ||
| 260 |
_aNew Delhi ; _bPrentice Hall of India, _c2007. |
||
| 300 |
_axviii, l-22 p. _bIncludes index. _c26 cm. |
||
| 700 | _aLazar, Leslie Kanuk. | ||
| 942 | _2ddc | ||